000
00197nam a22000977a 4500
999
_c
12424
_d
12424
082
_a
658.15
100
_a
Brealey, Myers
245
_a
Principles of Corporate Finance
250
_a
4th
942
_c
BK